Tutti i film vincitore del premio Oscar dal 1960 al 1980 - Statistics

Statistiche generali
  • Questo quiz è stato fatto 23 volte
  • Il punteggio medio è 9 su 21
Statistiche sulle risposte
Hint Risposta % Corretto
1973 Il padrino
83%
1980 Kramer contro Kramer
67%
1960 Ben Hur
61%
1975 Il padrino 2/Il padrino II
56%
1977 Rocky
56%
1978 Io e Annie
50%
1979 Il cacciatore
44%
1961 L'appartamento
44%
1963 Lawrence d'Arabia
44%
1971 Patton/Patton, generale d'acciaio
44%
1976 Qualcuno volò sul nido del cuculo
44%
1964 Tom Jones
39%
1966 Tutti insieme appassionatamente
39%
1970 Un uomo da marciapiede
39%
1972 Il braccio violento della legge
33%
1965 My fair lady
33%
1969 Oliver
33%
1967 Un uomo per tutte le stagioni
33%
1962 West Side Story
33%
1968 La calda notte dell'ispettore Tibbs
28%
1974 La stangata
28%
Nessun quiz corrispondente trovato
Distribuzione punteggi
Percentuale di utenti per punteggio
Percentile per numero di risposta
I tuoi punteggi nel tempo
Non hai fatto questo quiz